Mishima o el placer de morir
Saved in:
| Hovedforfatter: | |
|---|---|
| Format: | Bog |
| Sprog: | spansk |
| Udgivet: |
Barcelona
Planeta
1995
|
| Serier: | Planeta Bolsillo, 454
|
| Fag: | |
| Tags: |
Tilføj Tag
Ingen Tags, Vær først til at tagge denne postø!
|
MARC
| LEADER | 00000nam a2200000 a 4500 | ||
|---|---|---|---|
| 001 | UCR6983 | ||
| 003 | CL-VaPUC | ||
| 008 | 980424e19950000SP |||||||||||||||||spa|d | ||
| 082 | 0 | 4 | |a 864 |b VAL |2 21 |
| 100 | 0 | |a Vallejo Nágera, Juan Antonio |e author |9 408200 | |
| 245 | 1 | 0 | |a Mishima o el placer de morir |
| 300 | |a 178 p | ||
| 942 | |c BK | ||
| 945 | |d 19980424 00:00:00 |a rleighto | ||
| 260 | |a Barcelona |b Planeta |c 1995 | ||
| 650 | 0 | |a Ensayos españoles |9 313128 | |
| 583 | |a last modification |c 19980424 00:00:00 |k Rodrigo Vera | ||
| 490 | 0 | |a Planeta Bolsillo, 454 | |
| 999 | |c 268847 |d 268845 | ||
| 952 | |0 0 |1 0 |4 0 |6 864_000000000000000_VAL_1995 |7 0 |8 A |9 302272 |a BIBGIM |b BIBGIM |d 2019-11-20 |i 3410854 |o 864 VAL 1995 |p 3410854 |r 2025-01-15 |w 2019-11-20 |y BK |k ORI | ||